Webster's new universal unabridged dictionary.
Сохранить в:
| Формат: | |
|---|---|
| Опубликовано: |
New York, USA:
New World Dictionaries/Simon and Schuster; Dorset & Baber,
1979.
|
| Редактирование: | Deluxe Second edition |
| Предметы: | |
| Метки: |
Добавить метку
Нет меток, Требуется 1-ая метка записи!
|
MARC
| LEADER | 00000nam a22000007a 4500 | ||
|---|---|---|---|
| 003 | CL-VaPUC | ||
| 005 | 20230330094227.0 | ||
| 008 | 230327t1979 ||||| |||| 00| 0 eng d | ||
| 999 | |c 440345 |d 440343 | ||
| 020 | |a 0-671-41819-X | ||
| 040 | |c Pontificia Universidad Católica de Valparaíso | ||
| 082 | |a 423 WEB 1979 | ||
| 245 | |a Webster's new universal unabridged dictionary. | ||
| 250 | |a Deluxe Second edition | ||
| 260 | |a New York, USA: |b New World Dictionaries/Simon and Schuster; |b Dorset & Baber, |c 1979. | ||
| 300 | |a 2129 páginas. | ||
| 500 | |a c.1 Donación Literatura. Memo 3/2023. Educación. Including etymologies, full pronunciations, synonyms, and an encyclopedic supplement of geographical and biographical data, scripture proper names, foreign words and phrases, practical business mathematics, abbreviations, tables of weights and measures, signs and symbols, and forms of address. | ||
| 583 | |c 20230327 |k Catalogador Asistente | ||
| 650 | 0 | |a Lengua inglesa |9 453712 |v Diccionarios | |
| 942 | |2 ddc |c BK | ||
| 952 | |0 0 |1 0 |2 ddc |4 0 |6 423_000000000000000_WEB_1979 |7 0 |8 A |9 589284 |a FDOPOS |b FDOPOS |d 2023-03-27 |e Donación |i 5656850 |o 423 WEB 1979 |p 5656850 |r 2023-03-27 |t 1 |w 2023-03-27 |y BK |k DLH | ||